000 00444nam a22001817a 4500
003 MPLRDC
005 20220104185707.0
008 210129b ||||| |||| 00| 0 eng d
020 _a0-399-52293-X
082 _a529.69 DAV
100 _aRONALD D.DAVIS
245 _aTHE GIFT OF DYSLEXIA
_c
250 _aFIRST EDITION
260 _aNEW YORK
_bA RERIGEE BOOK
_c1998
300 _bPAPERBACK
650 _aDYSLEXIA
942 _cBK
_o529.69 DAV
999 _c63446
_d63436